000 02198nam a22003737a 4500
001 100447
003 KnowledgeUnlatched
005 20210303105344.0
006 m o d
007 cr u||||||||||
008 210129p20102017mau o u00| u eng d
035 _a(OCoLC)746747219
037 _5BiblioBoard
245 0 0 _aOne Word - Yak Kaleme
_b19th-Century Persian Treatise Introducing Western Codified Law /
_cA. A. Seyed-Gohrab, S. McGlinn.
020 _a9789087282844
029 1 _ahttps://library.biblioboard.com/ext/api/media/fdc8b9b8-f508-4900-a9f3-39dcf0d468ba/assets/thumbnail.jpg
040 _aScCtBLL
_cScCtBLL
100 1 _aSeyed-Gohrab, A. A.
_eauthor.
506 0 _aAccess copy available to the general public.
_fUnrestricted
_2star
700 1 _aMcGlinn, S.
_eauthor.
264 1 _bLeiden University Press,
300 _a1 online resource (145 p.)
520 _aOne Word - Yak Kaleme is one of the first treatises in the Middle East to demonstrate that Islam is compatible with modern western forms of government, and specifically that sharia principles can be incorporated in a codified law comparable to that found in Europe. Unlike many fellow Oriental travellers, the author observed that European dominance is not derived from a few technological advances, but primarily from the organization of society. In One Word, the author argues that the principles underlying constitutional government can be found in Islamic sources. One Word is a significant text during the Iranian Constitutional Revolution of 1906, but its message is relevant today.
588 0 _aDescription based on print version record.
590 _aKU Select 2016 Backlist Collection
650 7 _aLaw / Constitutional
_2bisacsh
650 0 _aLaw
655 0 _aElectronic books.
758 _iIs found in:
_aKnowledge Unlatched
_1https://openresearchlibrary.org/module/2774bc74-146a-484f-a7ba-ab1d6a09bbfb
856 4 0 _uhttps://openresearchlibrary.org/content/fdc8b9b8-f508-4900-a9f3-39dcf0d468ba
_zView this content on Open Research Library.
_70
999 _c34215
_d34215